Top 10 Highest Mountains in the World - Statistics

General Stats
  • This quiz has been taken 36 times
  • The average score is 4 of 10
Answer Stats
Hint Answer % Correct
8,611 m K2
100%
8,849 m Mount Everest
100%
8,516 m Lhotse
52%
8,586 m Kangchenjunga
30%
8,163 m Manaslu
26%
8,188 m Cho Oyu
22%
8,485 m Makalu
22%
8,126 m Nanga Parbat
17%
8,091 m Annapurna I
9%
8,167 m Dhaulagiri I
4%
No matching quizzes found
Score Distribution
Percent of People with Each Score
Percentile by Number Answered
Your Score History
You have not taken this quiz